| 000 | 00361nam a2200133Ia 4500 | ||
|---|---|---|---|
| 005 | 20251222143316.0 | ||
| 008 | 251222s9999||||xx |||||||||||||| ||spa|| | ||
| 020 | _a978-612-45130-6-0 | ||
| 082 | _a868.94/P84M | ||
| 100 | _aPrado de Freitas, Adélia Luzia | ||
| 245 | 0 | _aLa Mística de cada día: | |
| 264 | _bUniversidad Antonio Ruiz de Montoya | ||
| 942 | _cLIB | ||
| 999 |
_c15917 _d15917 |
||